000
00255nam a2200109Ia 4500
008
190914s9999||||xx |||||||||||||| ||und||
100
_a
Michael . Solomon
245
0
_a
Consumer Behavior
260
_a
Delhi
_b
Viva Books
_c
1998
300
_a
275
942
_c
BK
999
_c
8904
_d
8904